Spoliehanie sa na seba

Priemerný vek, v ktorom sa ľudia začínajú zabezpečovať na dôchodok sa znižuje. Plánovanie mladšej generácie zabezpečiť sa na dôchodok. Zmiešané očakávania pracujúcich žien. Rozdiely medzi mužmi a ženami v oblasti životnej úrovne po odchode do dôchodku. Generačné postoje žien na odchod do dôchodku.

Na minha lista:
Detalhes bibliográficos
Autor principal: Nagyová, Izabela
Formato: Capítulo de Livro
Idioma:eslovaco
Assuntos:
Tags: Adicionar Tag
Sem tags, seja o primeiro a adicionar uma tag!

MARC

LEADER 00000naa$a2200000$$$4500
001 0073914
005 20231019090036.8
041 0 |a slo 
044 |a SK 
245 1 0 |a Spoliehanie sa na seba  |c Izabela Nagyová 
520 |a Priemerný vek, v ktorom sa ľudia začínajú zabezpečovať na dôchodok sa znižuje. Plánovanie mladšej generácie zabezpečiť sa na dôchodok. Zmiešané očakávania pracujúcich žien. Rozdiely medzi mužmi a ženami v oblasti životnej úrovne po odchode do dôchodku. Generačné postoje žien na odchod do dôchodku. 
610 2 0 |a dôchodcovia 
610 2 0 |a dôchodky sociálne 
610 2 0 |a generácie 
610 2 0 |a ženy 
610 2 0 |a muži 
100 1 |a Nagyová, Izabela